[Event "V4 Liptov 2017"]
[Site "?"]
[Date "2017.06.24"]
[Round "6.9"]
[White "Hrebicik, David"]
[Black "Bochnicka, Vladimir"]
[Result "1/2-1/2"]
[BlackElo "1926"]
[WhiteElo "1775"]
[LiveChessVersion "1.4.8"]

1. d4 {[%clk 1:00:56]} Nf6 {[%clk 1:00:53]} 2. c4 {[%clk 1:01:19]} g6
{[%clk 1:01:19]} 3. Nc3 {[%clk 1:01:42]} Bg7 {[%clk 1:01:44]} 4. e4
{[%clk 1:01:46]} d6 {[%clk 1:02:07]} 5. f3 {[%clk 1:01:02]} O-O {[%clk 1:01:18]}
6. Be3 {[%clk 1:00:28]} e5 {[%clk 0:59:05]} 7. d5 {[%clk 1:00:08]} c6
{[%clk 0:59:18]} 8. Bd3 {[%clk 0:59:52]} cxd5 {[%clk 0:59:39]} 9. cxd5
{[%clk 0:59:49]} Nbd7 {[%clk 0:55:22]} 10. Nge2 {[%clk 0:58:08]} Nc5
{[%clk 0:53:14]} 11. O-O {[%clk 0:52:15]} Nh5 {[%clk 0:47:27]} 12. b4
{[%clk 0:46:55]} Nxd3 {[%clk 0:45:27]} 13. Qxd3 {[%clk 0:47:20]} f5
{[%clk 0:42:33]} 14. Rac1 {[%clk 0:34:59]} f4 {[%clk 0:37:16]} 15. Bf2
{[%clk 0:35:09]} Qg5 {[%clk 0:35:56]} 16. Kh1 {[%clk 0:31:31]} Qd8
{[%clk 0:29:23]} 17. Nb5 {[%clk 0:28:11]} Rf7 {[%clk 0:22:00]} 18. Nxa7
{[%clk 0:15:29]} Bd7 {[%clk 0:21:20]} 19. Rc2 {[%clk 0:12:54]} Bf6
{[%clk 0:13:25]} 20. Nb5 {[%clk 0:11:03]} Rg7 {[%clk 0:11:12]} 21. Nc7
{[%clk 0:02:02]} Rc8 {[%clk 0:08:49]} 22. Ne6 {[%clk 0:02:16]} Bxe6
{[%clk 0:09:07]} 23. dxe6 {[%clk 0:02:32]} Rxc2 {[%clk 0:09:06]} 24. Qxc2
{[%clk 0:02:58]} Re7 {[%clk 0:08:47]} 25. Qc4 {[%clk 0:02:52]} Ng7
{[%clk 0:08:43]} 26. Qd5 {[%clk 0:01:45]} Nxe6 {[%clk 0:04:45]} 27. Rd1
{[%clk 0:02:06]} Qa8 {[%clk 0:04:49]} 28. Qb3 {[%clk 0:00:52]} Qb8
{[%clk 0:03:52]} 29. Qd5 {[%clk 0:01:00]} Qa8 {[%clk 0:04:05]} 30. Qb3
{[%clk 0:01:12]} 1/2-1/2

[Event "V4 Liptov 2017"]
[Site "?"]
[Date "2017.06.24"]
[Round "6.10"]
[White "Sandor, Martin"]
[Black "Bielik, Jakub"]
[Result "1/2-1/2"]
[BlackElo "1879"]
[WhiteElo "1858"]
[LiveChessVersion "1.4.8"]

1. e4 {[%clk 1:00:58]} e6 {[%clk 1:00:54]} 2. d4 {[%clk 1:01:24]} d5
{[%clk 1:01:19]} 3. Nc3 {[%clk 1:01:48]} Bb4 {[%clk 1:01:38]} 4. e5
{[%clk 1:01:41]} Ne7 {[%clk 1:01:51]} 5. a3 {[%clk 1:00:52]} Bxc3+
{[%clk 1:02:14]} 6. bxc3 {[%clk 1:01:15]} c5 {[%clk 1:02:19]} 7. Qg4
{[%clk 0:55:07]} O-O {[%clk 1:01:46]} 8. Nf3 {[%clk 0:50:20]} c4 {[%clk 0:38:25]}
9. h4 {[%clk 0:43:17]} Nbc6 {[%clk 0:35:40]} 10. h5 {[%clk 0:34:47]} f5
{[%clk 0:31:53]} 11. Qg3 {[%clk 0:28:21]} Qa5 {[%clk 0:30:11]} 12. Bd2
{[%clk 0:25:15]} Bd7 {[%clk 0:28:59]} 13. Nh4 {[%clk 0:14:57]} Rf7
{[%clk 0:21:21]} 14. Ng6 {[%clk 0:12:31]} Rb8 {[%clk 0:20:45]} 15. Nf4
{[%clk 0:10:38]} Kf8 {[%clk 0:20:04]} 16. Be2 {[%clk 0:09:09]} Ke8
{[%clk 0:18:12]} 17. Nh3 {[%clk 0:05:29]} h6 {[%clk 0:17:31]} 18. Nf4
{[%clk 0:04:54]} Kd8 {[%clk 0:17:34]} 19. O-O {[%clk 0:04:35]} Kc7
{[%clk 0:17:44]} 20. Bf3 {[%clk 0:02:16]} Rc8 {[%clk 0:15:28]} 21. Rfd1
{[%clk 0:02:25]} Kb8 {[%clk 0:15:23]} 22. Ne2 {[%clk 0:01:25]} Ka8
{[%clk 0:13:21]} 23. Nf4 {[%clk 0:01:29]} Rg8 {[%clk 0:10:08]} 24. Ng6
{[%clk 0:01:49]} Nxg6 {[%clk 0:08:18]} 25. hxg6 {[%clk 0:02:18]} Rff8
{[%clk 0:08:20]} 26. Bh5 {[%clk 0:02:05]} Rc8 {[%clk 0:07:43]} 27. Qf4
{[%clk 0:01:40]} Rgf8 {[%clk 0:07:53]} 28. Rdb1 {[%clk 0:01:02]} b6
{[%clk 0:07:42]} 29. Rb2 {[%clk 0:00:59]} Rcd8 {[%clk 0:06:01]} 30. Rbb1
{[%clk 0:01:02]} Rc8 {[%clk 0:06:17]} 31. Be1 {[%clk 0:01:09]} Rg8
{[%clk 0:05:04]} 32. Bd2 {[%clk 0:01:29]} Rgf8 {[%clk 0:04:57]} 33. Be1
{[%clk 0:01:34]} Rcd8 {[%clk 0:04:23]} 34. Bd2 {[%clk 0:01:55]} Qa4
{[%clk 0:03:55]} 35. Rb2 {[%clk 0:02:05]} 1/2-1/2

[Event "V4 Liptov 2017"]
[Site "?"]
[Date "2017.06.24"]
[Round "6.11"]
[White "Tomcikova, Zuzana"]
[Black "Valigursky, Michal"]
[Result "0-1"]
[BlackElo "1713"]
[WhiteElo "1736"]
[LiveChessVersion "1.4.8"]

1. e4 {[%clk 1:00:58]} e5 {[%clk 1:00:51]} 2. Nf3 {[%clk 1:01:21]} Nc6
{[%clk 1:01:12]} 3. Bc4 {[%clk 1:01:44]} Nf6 {[%clk 1:01:21]} 4. d3
{[%clk 1:02:00]} Be7 {[%clk 0:57:59]} 5. O-O {[%clk 1:01:41]} O-O
{[%clk 0:58:12]} 6. c3 {[%clk 1:00:21]} d6 {[%clk 0:57:23]} 7. h3
{[%clk 0:58:34]} Na5 {[%clk 0:54:44]} 8. Bb5 {[%clk 0:56:03]} a6 {[%clk 0:52:43]}
9. Ba4 {[%clk 0:56:16]} b5 {[%clk 0:52:57]} 10. Bc2 {[%clk 0:56:36]} c5
{[%clk 0:53:11]} 11. b4 {[%clk 0:52:35]} Nc6 {[%clk 0:53:07]} 12. a3
{[%clk 0:48:48]} Bb7 {[%clk 0:52:36]} 13. Re1 {[%clk 0:48:26]} Qc7
{[%clk 0:50:26]} 14. Nbd2 {[%clk 0:46:51]} Rfc8 {[%clk 0:42:31]} 15. Bb3
{[%clk 0:46:06]} a5 {[%clk 0:39:12]} 16. Ng5 {[%clk 0:45:54]} Rf8
{[%clk 0:37:27]} 17. bxc5 {[%clk 0:42:36]} dxc5 {[%clk 0:37:32]} 18. Bb2
{[%clk 0:41:35]} a4 {[%clk 0:35:38]} 19. Bc2 {[%clk 0:40:06]} Rfd8
{[%clk 0:33:58]} 20. Qe2 {[%clk 0:38:42]} b4 {[%clk 0:32:54]} 21. Nc4
{[%clk 0:37:58]} b3 {[%clk 0:31:56]} 22. Bb1 {[%clk 0:35:54]} Ba6
{[%clk 0:30:03]} 23. Ne3 {[%clk 0:34:51]} h6 {[%clk 0:24:22]} 24. Nf3
{[%clk 0:35:05]} c4 {[%clk 0:09:43]} 25. Nxc4 {[%clk 0:32:31]} Bxc4
{[%clk 0:09:19]} 26. dxc4 {[%clk 0:32:45]} Na5 {[%clk 0:09:23]} 27. Bd3
{[%clk 0:31:26]} Rac8 {[%clk 0:09:32]} 28. Rad1 {[%clk 0:26:49]} Nxc4
{[%clk 0:08:42]} 29. Bxc4 {[%clk 0:26:41]} Qxc4 {[%clk 0:06:24]} 30. Nxe5
{[%clk 0:23:30]} Qxe2 {[%clk 0:04:59]} 31. Rxd8+ {[%clk 0:23:52]} Rxd8
{[%clk 0:04:51]} 32. Rxe2 {[%clk 0:24:16]} Rd1+ {[%clk 0:04:55]} 33. Kh2
{[%clk 0:24:22]} Bd6 {[%clk 0:05:17]} 34. f4 {[%clk 0:21:25]} Nh5
{[%clk 0:05:36]} 35. g3 {[%clk 0:21:15]} g5 {[%clk 0:05:35]} 36. Nc4
{[%clk 0:17:22]} gxf4 {[%clk 0:04:06]} 37. gxf4 {[%clk 0:14:09]} Nxf4
{[%clk 0:04:08]} 38. e5 {[%clk 0:10:44]} Nxe2 {[%clk 0:03:12]} 39. exd6
{[%clk 0:11:09]} Nf4 {[%clk 0:03:24]} 40. Kg3 {[%clk 0:08:28]} Ne6
{[%clk 0:03:42]} 41. Kg4 {[%clk 0:08:13]} Rf1 {[%clk 0:03:16]} 42. Nb6
{[%clk 0:07:37]} f5+ {[%clk 0:01:57]} 43. Kg3 {[%clk 0:07:44]} Rd1
{[%clk 0:01:42]} 44. d7 {[%clk 0:07:07]} Rd3+ {[%clk 0:01:43]} 45. Kh4
{[%clk 0:07:02]} Nf4 {[%clk 0:01:29]} 46. d8=Q+ {[%clk 0:06:52]} Rxd8
{[%clk 0:01:52]} 47. Kg3 {[%clk 0:07:10]} Nd3 {[%clk 0:02:13]} 48. Nxa4
{[%clk 0:07:03]} Ra8 {[%clk 0:01:05]} 49. Nb6 {[%clk 0:07:17]} Ra6
{[%clk 0:01:08]} 50. Nc4 {[%clk 0:07:27]} Nxb2 {[%clk 0:01:10]} 51. Nxb2
{[%clk 0:07:48]} Rxa3 {[%clk 0:01:36]} 52. Nc4 {[%clk 0:07:54]} Ra2
{[%clk 0:01:52]} 53. Kf4 {[%clk 0:07:55]} b2 {[%clk 0:02:14]} 0-1

[Event "V4 Liptov 2017"]
[Site "?"]
[Date "2017.06.24"]
[Round "6.12"]
[White "Vozarova, Adriana"]
[Black "Buco, Martin"]
[Result "0-1"]
[BlackElo "1708"]
[WhiteElo "1681"]
[LiveChessVersion "1.4.8"]

1. e4 {[%clk 1:00:59]} c5 {[%clk 1:00:49]} 2. Nf3 {[%clk 1:01:21]} e6
{[%clk 1:01:18]} 3. d4 {[%clk 1:01:40]} cxd4 {[%clk 1:01:46]} 4. Nxd4
{[%clk 1:01:55]} Bc5 {[%clk 1:02:12]} 5. Nc3 {[%clk 1:01:28]} Qb6
{[%clk 1:02:39]} 6. Be3 {[%clk 0:46:36]} Nc6 {[%clk 1:02:01]} 7. Nb3
{[%clk 0:40:50]} Bxe3 {[%clk 1:01:54]} 8. fxe3 {[%clk 0:41:02]} Qxe3+
{[%clk 1:02:03]} 9. Be2 {[%clk 0:40:04]} Nf6 {[%clk 0:59:31]} 10. Qd2
{[%clk 0:32:42]} Qxd2+ {[%clk 0:58:06]} 11. Kxd2 {[%clk 0:32:29]} O-O
{[%clk 0:58:13]} 12. g4 {[%clk 0:32:09]} d5 {[%clk 0:57:41]} 13. exd5
{[%clk 0:30:32]} exd5 {[%clk 0:50:38]} 14. g5 {[%clk 0:28:17]} Ne4+
{[%clk 0:50:54]} 15. Nxe4 {[%clk 0:28:37]} dxe4 {[%clk 0:51:22]} 16. Raf1
{[%clk 0:27:57]} Re8 {[%clk 0:39:18]} 17. h4 {[%clk 0:22:56]} Be6
{[%clk 0:38:21]} 18. Nc5 {[%clk 0:21:43]} e3+ {[%clk 0:37:56]} 19. Kc1
{[%clk 0:22:01]} Bd5 {[%clk 0:37:25]} 20. Rh2 {[%clk 0:20:20]} Nd4
{[%clk 0:23:10]} 21. Nd3 {[%clk 0:16:53]} Rac8 {[%clk 0:21:26]} 22. Nb4
{[%clk 0:14:38]} Nxe2+ {[%clk 0:21:26]} 0-1

[Event "V4 Liptov 2017"]
[Site "?"]
[Date "2017.06.24"]
[Round "6.13"]
[White "Szczurek, Krzysztof"]
[Black "Volaninova, Sarka"]
[Result "1-0"]
[BlackElo "1724"]
[WhiteElo "2068"]
[LiveChessVersion "1.4.8"]

1. e4 {[%clk 1:00:58]} c6 {[%clk 1:00:55]} 2. c4 {[%clk 1:01:24]} d5
{[%clk 1:00:47]} 3. exd5 {[%clk 1:01:48]} cxd5 {[%clk 1:01:10]} 4. cxd5
{[%clk 1:02:15]} Nf6 {[%clk 1:01:21]} 5. Nc3 {[%clk 1:02:34]} Nxd5
{[%clk 1:01:35]} 6. d4 {[%clk 1:01:54]} e6 {[%clk 0:59:26]} 7. Nf3
{[%clk 1:01:12]} Bb4 {[%clk 0:59:26]} 8. Bd2 {[%clk 1:01:21]} Be7
{[%clk 0:56:30]} 9. Bd3 {[%clk 1:00:28]} O-O {[%clk 0:56:38]} 10. O-O
{[%clk 1:00:45]} b6 {[%clk 0:56:03]} 11. Nxd5 {[%clk 0:59:42]} exd5
{[%clk 0:54:50]} 12. Ne5 {[%clk 0:55:05]} Bf6 {[%clk 0:52:56]} 13. Bb4
{[%clk 0:49:20]} Be7 {[%clk 0:46:43]} 14. Bd2 {[%clk 0:36:48]} Bb7
{[%clk 0:44:28]} 15. Qh5 {[%clk 0:35:06]} g6 {[%clk 0:43:57]} 16. Qh3
{[%clk 0:23:19]} Bf6 {[%clk 0:39:01]} 17. Bb4 {[%clk 0:22:45]} Be7
{[%clk 0:37:08]} 18. Bxe7 {[%clk 0:16:18]} Qxe7 {[%clk 0:37:30]} 19. Rfe1
{[%clk 0:16:33]} Qd6 {[%clk 0:36:43]} 20. Qh4 {[%clk 0:14:30]} Nc6
{[%clk 0:33:31]} 21. Re3 {[%clk 0:07:15]} Nxe5 {[%clk 0:29:11]} 22. dxe5
{[%clk 0:06:43]} Qd8 {[%clk 0:27:25]} 23. Qh6 {[%clk 0:07:03]} Bc8
{[%clk 0:27:15]} 24. f4 {[%clk 0:05:55]} f5 {[%clk 0:25:03]} 25. h4
{[%clk 0:01:33]} Qe7 {[%clk 0:24:09]} 26. h5 {[%clk 0:00:45]} Qg7
{[%clk 0:23:04]} 27. Qg5 {[%clk 0:01:12]} Be6 {[%clk 0:20:38]} 28. Rg3
{[%clk 0:01:35]} Rac8 {[%clk 0:15:49]} 29. hxg6 {[%clk 0:01:44]} hxg6
{[%clk 0:16:02]} 30. Qxg6 {[%clk 0:02:08]} Qxg6 {[%clk 0:16:23]} 31. Rxg6+
{[%clk 0:02:34]} Kf7 {[%clk 0:16:43]} 32. Rg5 {[%clk 0:02:00]} Ke7
{[%clk 0:16:34]} 33. Kf2 {[%clk 0:02:18]} Rg8 {[%clk 0:16:38]} 34. Rxg8
{[%clk 0:02:24]} Rxg8 {[%clk 0:16:58]} 35. Rc1 {[%clk 0:02:49]} Kd7
{[%clk 0:17:13]} 36. Bb5+ {[%clk 0:03:04]} Kd8 {[%clk 0:16:46]} 37. Rc6
{[%clk 0:03:14]} Bc8 {[%clk 0:14:05]} 38. Rd6+ {[%clk 0:02:57]} Ke7
{[%clk 0:13:08]} 39. Rxd5 {[%clk 0:02:44]} Be6 {[%clk 0:12:51]} 40. Rd2
{[%clk 0:02:17]} Bxa2 {[%clk 0:11:27]} 41. Rd7+ {[%clk 0:02:10]} Ke6
{[%clk 0:08:45]} 42. Rxa7 {[%clk 0:02:21]} Bb3 {[%clk 0:08:37]} 43. Bd7+
{[%clk 0:02:39]} 1-0

[Event "V4 Liptov 2017"]
[Site "?"]
[Date "2017.06.24"]
[Round "6.14"]
[White "Ptacek, Jan"]
[Black "Golda, Sebastian"]
[Result "0-1"]
[BlackElo "1997"]
[WhiteElo "1705"]
[LiveChessVersion "1.4.8"]

1. Nf3 {[%clk 1:00:57]} Nf6 {[%clk 1:00:57]} 2. g3 {[%clk 1:01:18]} g6
{[%clk 1:01:23]} 3. Bg2 {[%clk 1:01:29]} Bg7 {[%clk 1:01:50]} 4. O-O
{[%clk 1:01:45]} O-O {[%clk 1:02:18]} 5. c4 {[%clk 1:01:41]} d6 {[%clk 1:02:35]}
6. Nc3 {[%clk 1:01:41]} Nc6 {[%clk 1:03:00]} 7. b3 {[%clk 0:58:17]} Bf5
{[%clk 0:40:09]} 8. Bb2 {[%clk 0:54:04]} e5 {[%clk 0:29:44]} 9. Nh4
{[%clk 0:47:29]} Bd7 {[%clk 0:30:05]} 10. Qc2 {[%clk 0:47:08]} Ne8
{[%clk 0:22:27]} 11. f4 {[%clk 0:41:00]} f5 {[%clk 0:18:42]} 12. Nd5
{[%clk 0:32:07]} Nf6 {[%clk 0:18:50]} 13. fxe5 {[%clk 0:29:00]} dxe5
{[%clk 0:19:12]} 14. e4 {[%clk 0:27:02]} f4 {[%clk 0:09:56]} 15. Nf3
{[%clk 0:26:57]} Nh5 {[%clk 0:08:27]} 16. gxf4 {[%clk 0:19:29]} Nxf4
{[%clk 0:08:38]} 17. Nxf4 {[%clk 0:18:55]} Rxf4 {[%clk 0:09:00]} 18. Kh1
{[%clk 0:19:02]} Qe7 {[%clk 0:08:15]} 19. Ng1 {[%clk 0:14:08]} Raf8
{[%clk 0:05:52]} 20. Qd3 {[%clk 0:13:18]} Nb4 {[%clk 0:04:54]} 21. Qe2
{[%clk 0:13:33]} Bg4 {[%clk 0:04:18]} 22. Bf3 {[%clk 0:13:36]} h5
{[%clk 0:03:32]} 23. a3 {[%clk 0:12:50]} Nc2 {[%clk 0:02:44]} 24. Bxg4
{[%clk 0:09:37]} Nxa1 {[%clk 0:02:26]} 25. Rxf4 {[%clk 0:09:54]} exf4
{[%clk 0:01:57]} 26. Bxg7 {[%clk 0:08:14]} Kxg7 {[%clk 0:02:20]} 27. Bh3
{[%clk 0:08:39]} Nxb3 {[%clk 0:01:48]} 28. Qd3 {[%clk 0:09:04]} Nc5 29. Qd4+
{[%clk 0:08:44]} Kh6 {[%clk 0:02:19]} 30. e5 {[%clk 0:07:45]} g5 {[%clk 0:01:06]}
31. Ne2 {[%clk 0:06:50]} Ne6 {[%clk 0:00:58]} 32. Bxe6 {[%clk 0:06:37]} Qxe6
{[%clk 0:01:22]} 33. Qe4 {[%clk 0:06:50]} f3 {[%clk 0:01:05]} 34. Nd4
{[%clk 0:07:11]} Qh3 {[%clk 0:01:29]} 35. Nxf3 {[%clk 0:06:29]} Rxf3
{[%clk 0:01:44]} 0-1

[Event "V4 Liptov 2017"]
[Site "?"]
[Date "2017.06.24"]
[Round "6.15"]
[White "Dylag, Emilia"]
[Black "Cipl, Jan"]
[Result "1-0"]
[BlackElo "1310"]
[WhiteElo "1833"]
[LiveChessVersion "1.4.8"]

1. d4 {[%clk 1:00:57]} Nf6 {[%clk 1:00:26]} 2. c4 {[%clk 1:01:16]} e5 3. dxe5
{[%clk 1:01:37]} Ng4 {[%clk 1:00:17]} 4. Qd4 {[%clk 1:01:01]} d6 {[%clk 0:58:07]}
5. exd6 {[%clk 0:57:05]} Qxd6 {[%clk 0:53:27]} 6. Qxd6 {[%clk 0:56:37]} Bxd6
{[%clk 0:53:50]} 7. Nf3 {[%clk 0:56:04]} Nc6 {[%clk 0:52:30]} 8. a3
{[%clk 0:54:11]} O-O {[%clk 0:52:18]} 9. e3 {[%clk 0:54:01]} Re8 {[%clk 0:51:20]}
10. Be2 {[%clk 0:53:12]} Bf5 {[%clk 0:50:05]} 11. Nc3 {[%clk 0:51:48]} Nge5
{[%clk 0:49:32]} 12. b4 {[%clk 0:31:52]} Nd3+ {[%clk 0:43:07]} 13. Bxd3
{[%clk 0:30:17]} Bxd3 {[%clk 0:43:21]} 14. c5 {[%clk 0:30:24]} Be5
{[%clk 0:42:15]} 15. Nxe5 {[%clk 0:30:05]} Nxe5 16. Nd5 {[%clk 0:28:21]} Rac8
{[%clk 0:42:02]} 17. f3 {[%clk 0:26:09]} c6 {[%clk 0:41:42]} 18. Nf4
{[%clk 0:25:14]} Bc4 {[%clk 0:41:13]} 19. Kd2 {[%clk 0:19:23]} Rcd8+
{[%clk 0:39:36]} 20. Kc3 {[%clk 0:19:39]} Rd7 {[%clk 0:38:33]} 21. h4
{[%clk 0:14:38]} Red8 {[%clk 0:36:59]} 22. e4 {[%clk 0:12:52]} Rd1
{[%clk 0:31:39]} 23. Rxd1 {[%clk 0:13:02]} Rxd1 {[%clk 0:32:01]} 24. Kc2
{[%clk 0:12:10]} Rh1 {[%clk 0:31:01]} 25. Bb2 Rxa1 {[%clk 0:30:46]} 26. Bxa1
{[%clk 0:12:36]} f6 {[%clk 0:30:56]} 27. Bxe5 {[%clk 0:11:45]} fxe5
{[%clk 0:30:44]} 28. Nd3 {[%clk 0:12:13]} Kf8 {[%clk 0:30:42]} 29. Nxe5
{[%clk 0:12:32]} Bf1 {[%clk 0:30:33]} 30. g3 {[%clk 0:12:52]} Ke7
{[%clk 0:30:22]} 31. Kc3 {[%clk 0:12:59]} b6 {[%clk 0:29:49]} 32. Nxc6+
{[%clk 0:13:04]} Kd7 {[%clk 0:28:16]} 33. Nd4 {[%clk 0:13:10]} 1-0

[Event "V4 Liptov 2017"]
[Site "?"]
[Date "2017.06.24"]
[Round "6.17"]
[White "Sivcak, Matej"]
[Black "Chwistek, Karel"]
[Result "0-1"]
[BlackElo "1985"]
[WhiteElo "1743"]
[LiveChessVersion "1.4.8"]

1. b3 {[%clk 1:00:56]} e5 {[%clk 1:00:11]} 2. Bb2 {[%clk 1:01:19]} Nc6
{[%clk 1:00:25]} 3. e3 {[%clk 1:01:47]} Nf6 {[%clk 1:00:09]} 4. Bb5
{[%clk 1:01:35]} Bd6 {[%clk 1:00:27]} 5. c4 {[%clk 1:00:23]} e4 {[%clk 0:54:41]}
6. Qc2 {[%clk 0:52:58]} Nb4 {[%clk 0:52:16]} 7. Qc3 {[%clk 0:53:02]} Nd3+
{[%clk 0:52:30]} 8. Kf1 {[%clk 0:51:24]} Be5 {[%clk 0:51:03]} 9. Qxe5+
{[%clk 0:49:37]} Nxe5 {[%clk 0:51:27]} 10. Bxe5 {[%clk 0:50:01]} O-O
{[%clk 0:51:29]} 11. Ne2 {[%clk 0:50:27]} d6 {[%clk 0:51:39]} 12. Bb2
{[%clk 0:50:50]} c6 {[%clk 0:51:46]} 13. Ba4 {[%clk 0:51:10]} a6 {[%clk 0:50:45]}
14. b4 {[%clk 0:51:25]} b5 {[%clk 0:50:58]} 15. cxb5 {[%clk 0:50:05]} axb5
{[%clk 0:51:16]} 16. Bd1 {[%clk 0:49:41]} Bg4 {[%clk 0:50:08]} 17. Nbc3
{[%clk 0:48:04]} Bxe2+ {[%clk 0:50:08]} 18. Nxe2 {[%clk 0:48:24]} c5
{[%clk 0:50:10]} 19. h4 {[%clk 0:47:18]} Nd5 {[%clk 0:49:09]} 20. h5
{[%clk 0:45:13]} h6 {[%clk 0:47:35]} 21. Rh3 {[%clk 0:45:18]} Kh7
{[%clk 0:46:04]} 22. Nf4 {[%clk 0:42:45]} Nxf4 {[%clk 0:46:03]} 23. exf4
{[%clk 0:43:09]} cxb4 {[%clk 0:44:21]} 24. g4 {[%clk 0:41:28]} d5
{[%clk 0:41:53]} 25. Bd4 {[%clk 0:41:34]} f6 {[%clk 0:39:10]} 26. Bb3
{[%clk 0:40:54]} Qd6 {[%clk 0:36:47]} 27. g5 {[%clk 0:39:52]} fxg5
{[%clk 0:36:31]} 28. fxg5 {[%clk 0:40:14]} Rf3 {[%clk 0:33:09]} 29. g6+
{[%clk 0:40:18]} Kh8 {[%clk 0:32:46]} 30. Rh1 {[%clk 0:39:26]} Rd3
{[%clk 0:32:58]} 31. Be3 {[%clk 0:37:33]} Rxb3 {[%clk 0:33:18]} 0-1

[Event "V4 Liptov 2017"]
[Site "?"]
[Date "2017.06.24"]
[Round "6.18"]
[White "Nehyba, Martin"]
[Black "Sulkowski, Dawid"]
[Result "1-0"]
[BlackElo "1466"]
[WhiteElo "1944"]
[LiveChessVersion "1.4.8"]

1. c4 {[%clk 1:00:53]} e5 {[%clk 1:00:48]} 2. Nc3 {[%clk 1:01:19]} Nf6
{[%clk 1:01:08]} 3. e4 {[%clk 1:01:45]} Bc5 {[%clk 1:01:06]} 4. d3
{[%clk 1:01:58]} d6 {[%clk 1:01:21]} 5. Bg5 {[%clk 1:01:18]} Be6 {[%clk 1:01:08]}
6. g3 {[%clk 0:59:39]} h6 {[%clk 1:00:39]} 7. Be3 {[%clk 0:53:36]} Bb6
{[%clk 0:55:47]} 8. Bg2 {[%clk 0:48:56]} c5 {[%clk 0:50:21]} 9. Nge2
{[%clk 0:48:38]} Nc6 {[%clk 0:50:19]} 10. f3 {[%clk 0:48:35]} Qd7
{[%clk 0:49:32]} 11. O-O {[%clk 0:48:29]} O-O {[%clk 0:49:50]} 12. a3
{[%clk 0:48:16]} a5 {[%clk 0:49:29]} 13. Rb1 {[%clk 0:47:43]} Bd8
{[%clk 0:48:35]} 14. Qd2 {[%clk 0:46:36]} b6 {[%clk 0:47:02]} 15. f4
{[%clk 0:45:08]} exf4 {[%clk 0:39:25]} 16. Bxf4 {[%clk 0:43:47]} Be7
{[%clk 0:37:27]} 17. Nd5 {[%clk 0:42:07]} Rab8 {[%clk 0:35:18]} 18. Nxf6+
{[%clk 0:41:44]} Bxf6 {[%clk 0:35:38]} 19. Bxh6 {[%clk 0:41:57]} Bxb2
{[%clk 0:29:56]} 20. Rxb2 {[%clk 0:42:15]} gxh6 {[%clk 0:30:17]} 21. Qxh6
{[%clk 0:42:05]} f5 {[%clk 0:24:04]} 22. Qg6+ {[%clk 0:41:57]} Kh8
{[%clk 0:23:58]} 23. Rf4 {[%clk 0:41:49]} Bg8 {[%clk 0:22:14]} 24. Qh6+
{[%clk 0:39:08]} Bh7 {[%clk 0:22:01]} 25. Rxb6 {[%clk 0:37:02]} Rbd8
{[%clk 0:21:37]} 26. e5 {[%clk 0:35:13]} Nxe5 {[%clk 0:21:29]} 27. Rb7
{[%clk 0:35:30]} 1-0

[Event "V4 Liptov 2017"]
[Site "?"]
[Date "2017.06.24"]
[Round "6.19"]
[White "Niczyporuk, Jakub"]
[Black "Kopcova, Ludmila"]
[Result "1/2-1/2"]
[BlackElo "1980"]
[WhiteElo "1396"]
[LiveChessVersion "1.4.8"]

1. c4 {[%clk 1:00:57]} e5 {[%clk 1:00:57]} 2. Nc3 {[%clk 1:01:24]} Bb4
{[%clk 1:01:22]} 3. d3 {[%clk 1:01:28]} Bxc3+ {[%clk 1:01:30]} 4. bxc3
{[%clk 1:01:51]} Nf6 {[%clk 1:01:35]} 5. e4 {[%clk 1:01:15]} d6 {[%clk 1:00:59]}
6. Ne2 {[%clk 0:59:55]} O-O {[%clk 0:59:57]} 7. Ng3 {[%clk 0:59:18]} Re8
{[%clk 0:57:56]} 8. Be2 {[%clk 0:58:09]} c6 {[%clk 0:48:45]} 9. O-O
{[%clk 0:53:41]} d5 {[%clk 0:47:17]} 10. cxd5 {[%clk 0:52:17]} cxd5
{[%clk 0:47:18]} 11. Bg5 {[%clk 0:51:17]} dxe4 {[%clk 0:40:17]} 12. Nxe4
{[%clk 0:49:26]} Nbd7 {[%clk 0:39:45]} 13. Qb3 {[%clk 0:46:12]} Re6
{[%clk 0:33:17]} 14. f4 {[%clk 0:42:10]} Qc7 {[%clk 0:22:54]} 15. fxe5
{[%clk 0:41:01]} Qxe5 {[%clk 0:20:11]} 16. Bxf6 {[%clk 0:40:09]} Nxf6
{[%clk 0:18:21]} 17. Nxf6+ {[%clk 0:40:21]} Rxf6 {[%clk 0:18:39]} 18. Rxf6
{[%clk 0:40:20]} Qxf6 {[%clk 0:18:51]} 19. Rf1 {[%clk 0:40:18]} Qe6
{[%clk 0:18:52]} 20. d4 {[%clk 0:39:36]} Qxb3 {[%clk 0:17:24]} 21. axb3
{[%clk 0:40:00]} a5 {[%clk 0:07:44]} 1/2-1/2

[Event "V4 Liptov 2017"]
[Site "?"]
[Date "2017.06.24"]
[Round "6.20"]
[White "Londin, Simon"]
[Black "Bobrova, Katarina"]
[Result "0-1"]
[BlackElo "1407"]
[WhiteElo "1772"]
[LiveChessVersion "1.4.8"]

1. d4 {[%clk 1:00:58]} d5 {[%clk 1:00:46]} 2. c4 {[%clk 1:01:24]} c6
{[%clk 1:00:48]} 3. Nf3 {[%clk 1:01:49]} Nf6 {[%clk 1:00:30]} 4. Nc3
{[%clk 1:02:14]} e6 {[%clk 0:59:59]} 5. Qd3 {[%clk 1:02:08]} Nbd7
{[%clk 0:58:49]} 6. g3 {[%clk 1:00:22]} Bb4 {[%clk 0:56:41]} 7. a3
{[%clk 0:57:51]} Qa5 {[%clk 0:52:39]} 8. Bd2 {[%clk 0:55:30]} O-O
{[%clk 0:49:32]} 9. Rc1 {[%clk 0:51:37]} Bxc3 {[%clk 0:47:02]} 10. Bxc3
{[%clk 0:51:59]} Qc7 {[%clk 0:45:47]} 11. Bg2 {[%clk 0:51:39]} Ne4
{[%clk 0:43:11]} 12. O-O {[%clk 0:49:07]} Ndf6 {[%clk 0:40:23]} 13. Nd2
{[%clk 0:45:01]} Nxc3 {[%clk 0:38:33]} 14. Qxc3 {[%clk 0:43:21]} Re8
{[%clk 0:36:38]} 15. b4 {[%clk 0:39:07]} a6 {[%clk 0:34:52]} 16. Rfd1
{[%clk 0:27:03]} Bd7 {[%clk 0:31:53]} 17. e4 {[%clk 0:25:32]} Qd8
{[%clk 0:29:46]} 18. e5 {[%clk 0:24:54]} Ng4 {[%clk 0:28:56]} 19. f4
{[%clk 0:24:01]} f6 {[%clk 0:28:27]} 20. h3 {[%clk 0:21:23]} Nh6 {[%clk 0:28:34]}
21. a4 {[%clk 0:19:28]} Nf5 {[%clk 0:26:06]} 22. g4 {[%clk 0:17:29]} Nh4
{[%clk 0:24:51]} 23. Bf1 {[%clk 0:17:16]} fxe5 {[%clk 0:23:53]} 24. fxe5
{[%clk 0:16:04]} Rf8 {[%clk 0:22:57]} 25. cxd5 {[%clk 0:14:22]} cxd5
{[%clk 0:22:39]} 26. a5 {[%clk 0:13:38]} Rc8 {[%clk 0:21:59]} 27. Qg3
{[%clk 0:13:42]} Qg5 {[%clk 0:21:18]} 28. Rc5 {[%clk 0:13:44]} Nf5
{[%clk 0:19:10]} 29. Qc3 {[%clk 0:11:57]} h5 {[%clk 0:16:50]} 30. Be2
{[%clk 0:11:13]} hxg4 {[%clk 0:16:02]} 31. Bxg4 Ne3 {[%clk 0:14:35]} 32. Rc1
{[%clk 0:10:06]} Rxc5 {[%clk 0:13:36]} 33. bxc5 {[%clk 0:10:35]} Nxg4
{[%clk 0:13:35]} 34. hxg4 {[%clk 0:11:04]} Qxg4+ {[%clk 0:13:48]} 35. Kh1
{[%clk 0:10:55]} Rf2 {[%clk 0:13:05]} 36. Rg1 {[%clk 0:08:03]} Qh4+
{[%clk 0:13:10]} 37. Qh3 {[%clk 0:08:22]} Qxh3# 0-1